000 00552nam a2200181Ia 4500
999 _c13699
_d13699
003 OSt
005 20201030132242.0
008 190216s9999||||xx |||||||||||||| ||und||
020 _a8185392498
040 _coclc
082 _a820.09
_bKET/I
100 _aKettle, Arnold
_95669
245 3 _aAn Introduction To The English Novel 2 /
_cArnold Kettle
260 _bUniversal Bookstall Newdelhi,
_c1991.
_aNew delhi:
300 _a191p
650 _aEnglish Novel-English Novel
942 _cBK
_2ddc
_h820.09
_iKET/I
_k820.09
_mKET/I